000 01198nam a22002657a 4500
003 OSt
005 20250410111345.0
008 240912b ||||| |||| 00| 0 eng d
040 _c0
082 _aDPer 621.317 Ie21 December 2022 v.37 n. 12 part 1&2.
100 _aLi, Quanhui.
_eauthor.
_960882
245 _aGeneral injection transformer turn ratio design method and hybrid harmonic reduction methods for series-connected multipulse rectifiers /
_cQuanhui Li, Qingxiao Du, Xinyu Yin, Lei Gao, and Fangang Meng.
260 _aNew York ;
_bThe Institute of Electrical and Electronics Engineers, Inc.,
_cDecember 2022.
300 _avolume 37, pages 15457-15468,
_billustration.
500 _aIEEE Transactions on Power Electronics, v. 37 n. 12, pages 15457-15468, December 2022.
650 0 _ainjection transformer design.
_966290
650 0 _amethod of minimization error energy.
_966291
650 0 _aseries-connected multipulse rectifier.
_966292
700 _aLi, Quanhui.
_eauthor.
_960882
700 _aDu, Qingxiao.
_eauthor.
_960883
700 _aYin, Xinyu.
_eauthor.
_960884
700 _aGao, Lei.
_eauthor.
_960885
700 _aMeng, Fangang.
_eauthor.
_960886
942 _2ddc
_cPER
999 _c21568
_d21568